Richard Linklater Movies - Statistics

General Stats
  • This quiz has been taken 31 times
  • The average score is 14 of 32
Answer Stats
Year Project % Correct
1995 Before Sunrise
100%
2004 Before Sunset
100%
2013 Before Midnight
96%
2014 Boyhood
84%
1993 Dazed and Confused
80%
1990 Slacker
80%
2003 School of Rock
72%
2001 Waking Life
68%
2023 Hit Man
64%
2006 A Scanner Darkly
60%
2016 Everybody Wants Some!
60%
2011 Bernie
52%
2008 Me and Orson Welles
48%
1996 SubUrbia
44%
2019 Where'd You Go, Bernadette?
44%
2022 Apollo 10 1/2: A Space Age Childhood
40%
2006 Fast Food Nation
40%
2005 Bad News Bears
36%
2017 Last Flag Flying
36%
TBD Merrily We Roll Along
32%
2001 Tape
32%
1998 The Newton Boys
32%
1988 It's Impossible to Learn to Plow by Reading Books
24%
1996 Beavis and Butt-Head Do America
4%
2018 Blaze
4%
2001 Chealsea Walls
4%
2015 I Dream Too Much
4%
2008 RSO (Registered Sex Offender)
4%
1998 Scotch and Milk
4%
2001 Spy Kids
4%
2006 The Hottest State
4%
1995 The Underneath
4%
No matching quizzes found
Score Distribution
Percent of People with Each Score
Percentile by Number Answered
Your Score History
You have not taken this quiz